[Event "AUT-ch Internet"]
[Site "Wilhelm-Steinitz-Stadion"]
[Date "2020.10.04"]
[Round "7"]
[White "Pjotr2402"]
[Black "S Baumegger"]
[Result "1-0"]
[WhiteElo "2333"]
[BlackElo "2197"]
[Annotator "NA"]
[PlyCount "145"]
[EventDate "2020.10.04"]
[EventType "blitz"]

1. Nf3 {[%emt 0:00:01]} Nf6 {[%emt 0:00:03]} 2. g3 {[%emt 0:00:01]} b6 {[%emt 0:00:02]} 3. c4 {[%emt 0:00:02]} Bb7 {[%emt 0:00:01]} 4. Bg2 {[%emt 0:00:01]} g6 {[%emt 0:00:01]} 5. O-O {[%emt 0:00:03]} Bg7 {[%emt 0:00:00]} 6. d4 {[%emt 0:00:01]} O-O {[%emt 0:00:00]} 7. d5 {[%emt 0:00:02]} Na6 {[%emt 0:00:02]} 8. Nc3 {[%emt 0:00:04]} Nc5 {[%emt 0:00:05]} 9. Nd4 {[%emt 0:00:01]} e5 {[%emt 0:00:04]} 10. Nc2 {[%emt 0:00:01]} a5 {[%emt 0:00:05]} 11. e4 {[%emt 0:00:02]} c6 {[%emt 0:00:02]} 12. h3 {[%emt 0:00:08]} cxd5 {[%emt 0:00:06]} 13. exd5 {[%emt 0:00:02]} Ba6 {[%emt 0:00:15]} 14. Na3 {[%emt 0:00:07]} d6 {[%emt 0:00:18]} 15. Nab5 {[%emt 0:00:03]} Ne8 {[%emt 0:00:06]} 16. f4 {[%emt 0:00:09]} f5 {[%emt 0:00:14]} 17. Kh2 {[%emt 0:00:16]} e4 {[%emt 0:00:10]} 18. Be3 {[%emt 0:00:06]} Nc7 {[%emt 0:00:09]} 19. a4 {[%emt 0:00:04]} Nxb5 {[%emt 0:00:18]} 20. axb5 {[%emt 0:00:05]} Bc8 {[%emt 0:00:04]} 21. Qc2 {[%emt 0:00:09]} Bd7 {[%emt 0:00:19]} 22. Ne2 {[%emt 0:00:04]} Nd3 {[%emt 0:00:07]} 23. Nd4 {[%emt 0:00:04]} Bxd4 {[%emt 0:00:14]} 24. Bxd4 {[%emt 0:00:01]} Rc8 {[%emt 0:00:05]} 25. b3 {[%emt 0:00:07]} Bxb5 {[%emt 0:00:07]} 26. Qd2 {[%emt 0:00:14]} Bd7 {[%emt 0:00:04]} 27. Qe3 {[%emt 0:00:28]} Nc5 {[%emt 0:00:03]} 28. Rab1 {[%emt 0:00:10]} Qc7 {[%emt 0:00:08]} 29. Ba1 {[%emt 0:00:02]} Kf7 {[%emt 0:00:26]} 30. Qd4 {[%emt 0:00:07]} Ke7 {[%emt 0:00:03]} 31. h4 {[%emt 0:00:45]} Rf7 {[%emt 0:00:06]} 32. Rfe1 {[%emt 0:00:13]} Ra8 {[%emt 0:00:03]} 33. Bh3 {[%emt 0:00:05]} h5 {[%emt 0:00:02]} 34. Bf1 {[%emt 0:00:02]} Be8 {[%emt 0:00:08]} 35. Qh8 {[%emt 0:00:07]} Nd7 {[%emt 0:00:06]} 36. Qd4 {[%emt 0:00:06]} Nc5 {[%emt 0:00:02]} 37. Qh8 {[%emt 0:00:03]} Nd7 {[%emt 0:00:01]} 38. Qb2 {[%emt 0:00:01]} Nc5 {[%emt 0:00:01]} 39. Qf2 {[%emt 0:00:01]} Kf8 {[%emt 0:00:01]} 40. Bd4 {[%emt 0:00:01]} Kg8 {[%emt 0:00:02]} 41. Qe3 {[%emt 0:00:01]} Kh7 {[%emt 0:00:01]} 42. Ba1 {[%emt 0:00:01]} Bd7 {[%emt 0:00:01]} 43. Qd4 {[%emt 0:00:01]} Nb7 {[%emt 0:00:01]} 44. Qe3 {[%emt 0:00:02]} Qc5 {[%emt 0:00:01]} 45. Bd4 {[%emt 0:00:01]} Qc8 {[%emt 0:00:04]} 46. Bxb6 {[%emt 0:00:01]} Nc5 {[%emt 0:00:01]} 47. Ra1 {[%emt 0:00:05]} Ra6 {[%emt 0:00:01]} 48. Bxa5 {[%emt 0:00:01]} Qa8 {[%emt 0:00:03]} 49. b4 {[%emt 0:00:01]} Nb7 {[%emt 0:00:02]} 50. c5 {[%emt 0:00:02]} dxc5 {[%emt 0:00:02]} 51. Bxa6 {[%emt 0:00:02]} Nxa5 {[%emt 0:00:04]} 52. Rxa5 {[%emt 0:00:02]} cxb4 {[%emt 0:00:01]} 53. d6 {[%emt 0:00:02]} Qb8 {[%emt 0:00:02]} 54. Raa1 {[%emt 0:00:01]} Be6 {[%emt 0:00:02]} 55. Rad1 {[%emt 0:00:03]} Rd7 {[%emt 0:00:03]} 56. Qd4 {[%emt 0:00:02]} b3 {[%emt 0:00:03]} 57. Bc4 {[%emt 0:00:01]} Bxc4 {[%emt 0:00:03]} 58. Qxc4 {[%emt 0:00:00]} Rxd6 {[%emt 0:00:01]} 59. Rxd6 {[%emt 0:00:05]} Qxd6 {[%emt 0:00:00]} 60. Qc3 {[%emt 0:00:01]} Qb6 {[%emt 0:00:04]} 61. Re2 {[%emt 0:00:02]} Qb5 {[%emt 0:00:02]} 62. Rb2 {[%emt 0:00:01]} Qb6 {[%emt 0:00:04]} 63. Qxb3 {[%emt 0:00:01]} Qd4 {[%emt 0:00:02]} 64. Re2 {[%emt 0:00:01]} Kh6 {[%emt 0:00:02]} 65. Qe3 {[%emt 0:00:00]} Qd1 {[%emt 0:00:02]} 66. Rd2 {[%emt 0:00:01]} Qf1 {[%emt 0:00:01]} 67. Qf2 {[%emt 0:00:01]} Qc1 {[%emt 0:00:01]} 68. Re2 {[%emt 0:00:01]} Qc3 {[%emt 0:00:01]} 69. Kg2 {[%emt 0:00:01]} Qb3 {[%emt 0:00:02]} 70. Qe3 {[%emt 0:00:01]} Qd5 {[%emt 0:00:01]} 71. Rd2 {[%emt 0:00:01]} Qc4 {[%emt 0:00:01]} 72. Kh2 {[%emt 0:00:01]} Qc1 {[%emt 0:00:01]} 73. Qd4 {[%emt 0:00:01] S Baumegger gibt auf (Lag: Av=0.64s, max=1.5s)} 1-0

[Event "AUT-ch Internet"]
[Site "Wilhelm-Steinitz-Stadion"]
[Date "2020.10.04"]
[Round "7"]
[White "DoHoChess"]
[Black "Febloh"]
[Result "1/2-1/2"]
[WhiteElo "2310"]
[BlackElo "2300"]
[PlyCount "39"]
[EventDate "2020.10.04"]
[EventType "blitz"]

1. c4 {[%emt 0:00:02]} Nf6 {[%emt 0:00:02]} 2. Nc3 {[%emt 0:00:02]} g6 {[%emt 0:00:01]} 3. e4 {[%emt 0:00:04]} d6 {[%emt 0:00:01]} 4. d4 {[%emt 0:00:01]} Bg7 {[%emt 0:00:01]} 5. Be2 {[%emt 0:00:01]} O-O {[%emt 0:00:01]} 6. Nf3 {[%emt 0:00:01]} e5 {[%emt 0:00:02]} 7. O-O {[%emt 0:00:01]} Na6 {[%emt 0:00:01]} 8. Be3 {[%emt 0:00:02]} exd4 {[%emt 0:00:04]} 9. Nxd4 {[%emt 0:00:05]} Re8 {[%emt 0:00:05]} 10. f3 {[%emt 0:00:01]} c6 {[%emt 0:00:02]} 11. Nc2 {[%emt 0:00:07]} d5 {[%emt 0:00:31]} 12. cxd5 {[%emt 0:00:05]} cxd5 {[%emt 0:00:01]} 13. exd5 {[%emt 0:00:18]} Nb4 {[%emt 0:00:19]} 14. Bd4 {[%emt 0:00:38]} Nbxd5 {[%emt 0:00:11]} 15. Nxd5 {[%emt 0:00:02]} Qxd5 {[%emt 0:00:08]} 16. Ne3 {[%emt 0:00:02]} Qa5 {[%emt 0:00:27]} 17. Nc4 {[%emt 0:00:12]} Qd5 {[%emt 0:00:07]} 18. Ne3 {[%emt 0:00:01]} Qa5 {[%emt 0:00:01]} 19. Nc4 {[%emt 0:00:01]} Qd5 {[%emt 0:00:01]} 20. Ne3 {[%emt 0:00:01] (Lag: Av=0.54s, max=0.6s)} 1/2-1/2

[Event "AUT-ch Internet"]
[Site "Wilhelm-Steinitz-Stadion"]
[Date "2020.10.04"]
[Round "7"]
[White "Valentin Dragnev"]
[Black "Lukas Breneis"]
[Result "1-0"]
[WhiteElo "2276"]
[BlackElo "2109"]
[PlyCount "74"]
[EventDate "2020.10.04"]
[EventType "blitz"]

1. d4 {[%emt 0:00:01]} Nf6 {[%emt 0:00:01]} 2. c4 {[%emt 0:00:02]} c5 {[%emt 0:00:01]} 3. Nf3 {[%emt 0:00:03]} e6 {[%emt 0:00:01]} 4. e3 {[%emt 0:00:02]} cxd4 {[%emt 0:00:05]} 5. exd4 {[%emt 0:00:00]} d5 {[%emt 0:00:01]} 6. Nc3 {[%emt 0:00:04]} Nc6 {[%emt 0:00:10]} 7. cxd5 {[%emt 0:00:05]} Nxd5 {[%emt 0:00:02]} 8. Bd3 {[%emt 0:00:04]} Bb4 {[%emt 0:00:06]} 9. Bd2 {[%emt 0:00:02]} Nf6 {[%emt 0:00:30]} 10. a3 {[%emt 0:00:16]} Ba5 {[%emt 0:00:05]} 11. O-O {[%emt 0:00:20]} Bb6 {[%emt 0:00:17]} 12. Be3 {[%emt 0:00:09]} O-O {[%emt 0:00:25]} 13. Rc1 {[%emt 0:00:02]} Bd7 {[%emt 0:00:19]} 14. Bb1 {[%emt 0:00:06]} Ne7 {[%emt 0:00:19]} 15. Ne5 {[%emt 0:00:04]} Ng6 {[%emt 0:00:03]} 16. Qf3 {[%emt 0:00:09]} Rb8 {[%emt 0:00:47]} 17. Rfd1 {[%emt 0:00:03]} Qe7 {[%emt 0:00:04]} 18. Bg5 {[%emt 0:00:11]} Rfd8 {[%emt 0:00:05]} 19. Ne4 {[%emt 0:00:04]} Bc6 {[%emt 0:00:15]} 20. Nxc6 {[%emt 0:00:07]} bxc6 {[%emt 0:00:01]} 21. Nxf6+ {[%emt 0:00:00]} gxf6 {[%emt 0:00:01]} 22. Bxf6 {[%emt 0:00:00]} Qd6 {[%emt 0:00:02]} 23. Rxc6 {[%emt 0:00:08]} Qd5 {[%emt 0:00:03]} 24. Bxd8 {[%emt 0:00:07]} Rxd8 {[%emt 0:00:03]} 25. Qxd5 {[%emt 0:00:07]} Rxd5 {[%emt 0:00:00]} 26. Be4 {[%emt 0:00:21]} Rxd4 {[%emt 0:00:03]} 27. Rxd4 {[%emt 0:00:04]} Bxd4 {[%emt 0:00:00]} 28. b4 {[%emt 0:00:01]} Ne5 {[%emt 0:00:01]} 29. Rd6 {[%emt 0:00:09]} Bb6 {[%emt 0:00:02]} 30. h3 {[%emt 0:00:08]} Nc4 {[%emt 0:00:01]} 31. Rd3 {[%emt 0:00:00]} f5 {[%emt 0:00:04]} 32. Bc6 {[%emt 0:00:11]} Ne5 {[%emt 0:00:03]} 33. Rc3 {[%emt 0:00:03]} Bd4 {[%emt 0:00:01]} 34. Rc2 {[%emt 0:00:02]} Kf7 {[%emt 0:00:03]} 35. Kf1 {[%emt 0:00:01]} Ke7 {[%emt 0:00:02]} 36. a4 {[%emt 0:00:03]} Kd6 {[%emt 0:00:04]} 37. Be8 {[%emt 0:00:05]} Nd7 {[%emt 0:00:05] Lukas Breneis gibt auf (Lag: Av=0.94s, max=1.5s)} 1-0

[Event "AUT-ch Internet"]
[Site "Wilhelm-Steinitz-Stadion"]
[Date "2020.10.04"]
[Round "7"]
[White "Tannika"]
[Black "En#passant"]
[Result "0-1"]
[WhiteElo "2132"]
[BlackElo "2278"]
[PlyCount "134"]
[EventDate "2020.10.04"]
[EventType "blitz"]

1. d4 {[%emt 0:00:02]} d5 {[%emt 0:00:01]} 2. Nc3 {[%emt 0:00:01]} Nf6 {[%emt 0:00:02]} 3. Bf4 {[%emt 0:00:01]} Bf5 {[%emt 0:00:09]} 4. f3 {[%emt 0:00:01]} e6 {[%emt 0:00:05]} 5. g4 {[%emt 0:00:01]} Bg6 {[%emt 0:00:03]} 6. h4 {[%emt 0:00:00]} h5 {[%emt 0:00:06]} 7. g5 {[%emt 0:00:03]} Ng8 {[%emt 0:00:02]} 8. e3 {[%emt 0:00:01]} Bd6 {[%emt 0:00:03]} 9. Nh3 {[%emt 0:00:02]} Ne7 {[%emt 0:00:02]} 10. Bd3 {[%emt 0:00:01]} Bxd3 {[%emt 0:00:10]} 11. Qxd3 {[%emt 0:00:00]} Ng6 {[%emt 0:00:01]} 12. Bxd6 {[%emt 0:00:05]} Qxd6 {[%emt 0:00:02]} 13. O-O-O {[%emt 0:00:01]} Nc6 {[%emt 0:00:19]} 14. Kb1 {[%emt 0:00:12]} O-O-O {[%emt 0:00:02]} 15. Nb5 {[%emt 0:00:03]} Qe7 {[%emt 0:00:06]} 16. Qb3 {[%emt 0:00:15]} Nxh4 {[%emt 0:00:31]} 17. f4 {[%emt 0:00:19]} Nf5 {[%emt 0:00:05]} 18. Nf2 {[%emt 0:00:06]} a6 {[%emt 0:00:19]} 19. Na3 {[%emt 0:00:17]} Kb8 {[%emt 0:00:21]} 20. Rh3 {[%emt 0:00:02]} g6 {[%emt 0:00:28]} 21. Nd3 {[%emt 0:00:01]} Ka7 {[%emt 0:00:05]} 22. Nc5 {[%emt 0:00:09]} Rb8 {[%emt 0:00:07]} 23. Qa4 {[%emt 0:00:10]} Nd6 {[%emt 0:00:08]} 24. Nxa6 {[%emt 0:00:47]} bxa6 {[%emt 0:00:00]} 25. Qxc6 {[%emt 0:00:01]} Rb6 {[%emt 0:00:00]} 26. Qc5 {[%emt 0:00:06]} Rhb8 {[%emt 0:00:01]} 27. b3 {[%emt 0:00:02]} Qd7 {[%emt 0:00:02]} 28. Kc1 {[%emt 0:00:31]} Ne4 {[%emt 0:00:03]} 29. Qa5 {[%emt 0:00:05]} Nf2 {[%emt 0:00:03]} 30. Rh2 {[%emt 0:00:03]} Nxd1 {[%emt 0:00:01]} 31. Kxd1 {[%emt 0:00:00]} Qd6 {[%emt 0:00:07]} 32. Nb1 {[%emt 0:00:05]} Rb5 {[%emt 0:00:04]} 33. Qd2 {[%emt 0:00:06]} c5 {[%emt 0:00:01]} 34. Nc3 {[%emt 0:00:09]} Rb4 {[%emt 0:00:11]} 35. dxc5 {[%emt 0:00:06]} Qxc5 {[%emt 0:00:02]} 36. Na4 {[%emt 0:00:07]} Rxa4 {[%emt 0:00:04]} 37. bxa4 {[%emt 0:00:01]} Rb1+ {[%emt 0:00:01]} 38. Ke2 {[%emt 0:00:01]} Qc4+ {[%emt 0:00:07]} 39. Qd3 {[%emt 0:00:05]} Qxa2 {[%emt 0:00:01]} 40. Kf3 {[%emt 0:00:05]} Qa1 {[%emt 0:00:06]} 41. Qd4+ {[%emt 0:00:05]} Qxd4 {[%emt 0:00:01]} 42. exd4 {[%emt 0:00:01]} Rb4 {[%emt 0:00:01]} 43. Ke3 {[%emt 0:00:03]} Rxa4 {[%emt 0:00:01]} 44. c3 {[%emt 0:00:02]} Ra3 {[%emt 0:00:05]} 45. Kd3 {[%emt 0:00:03]} Rb3 {[%emt 0:00:01]} 46. Ra2 {[%emt 0:00:01]} Kb6 {[%emt 0:00:01]} 47. Kc2 {[%emt 0:00:02]} Rb5 {[%emt 0:00:01]} 48. Kd3 {[%emt 0:00:02]} a5 {[%emt 0:00:01]} 49. c4 {[%emt 0:00:01]} dxc4+ {[%emt 0:00:01]} 50. Kxc4 {[%emt 0:00:01]} Rb4+ {[%emt 0:00:01]} 51. Kc3 {[%emt 0:00:02]} Kb5 {[%emt 0:00:01]} 52. Ra3 {[%emt 0:00:03]} a4 {[%emt 0:00:01]} 53. Ra2 {[%emt 0:00:02]} Rb3+ {[%emt 0:00:01]} 54. Kd2 {[%emt 0:00:02]} Kb4 {[%emt 0:00:00]} 55. Rc2 {[%emt 0:00:02]} Rf3 {[%emt 0:00:04]} 56. Rc8 {[%emt 0:00:01]} Rxf4 {[%emt 0:00:02]} 57. Ke3 {[%emt 0:00:01]} Rf5 {[%emt 0:00:01]} 58. Rc7 {[%emt 0:00:02]} a3 {[%emt 0:00:02]} 59. Rb7+ {[%emt 0:00:02]} Kc3 {[%emt 0:00:02]} 60. Ra7 {[%emt 0:00:01]} Kb3 {[%emt 0:00:02]} 61. Rb7+ {[%emt 0:00:01]} Ka4 {[%emt 0:00:03]} 62. Ra7+ {[%emt 0:00:01]} Ra5 {[%emt 0:00:01]} 63. Rxf7 {[%emt 0:00:01]} a2 {[%emt 0:00:01]} 64. Rf1 {[%emt 0:00:02]} Rxg5 {[%emt 0:00:01]} 65. Ra1 {[%emt 0:00:03]} Kb3 {[%emt 0:00:01]} 66. Kf4 {[%emt 0:00:02]} Rf5+ {[%emt 0:00:02]} 67. Ke4 {[%emt 0:00:01]} Kb2 {[%emt 0:00:00] Tannika gibt auf (Lag: Av=0.82s, max=1.9s)} 0-1

[Event "AUT-ch Internet"]
[Site "Wilhelm-Steinitz-Stadion"]
[Date "2020.10.04"]
[Round "8"]
[White "Sackbauer"]
[Black "Pjotr2402"]
[Result "1/2-1/2"]
[WhiteElo "2423"]
[BlackElo "2344"]
[Annotator "NA"]
[PlyCount "52"]
[EventDate "2020.10.04"]
[EventType "blitz"]

1. d4 {[%emt 0:00:05]} Nf6 {[%emt 0:00:02]} 2. c4 {[%emt 0:00:01]} e6 {[%emt 0:00:00]} 3. Nf3 {[%emt 0:00:02]} b6 {[%emt 0:00:01]} 4. g3 {[%emt 0:00:01]} Ba6 {[%emt 0:00:01]} 5. b3 {[%emt 0:00:05]} Bb4+ {[%emt 0:00:02]} 6. Bd2 {[%emt 0:00:01]} Be7 {[%emt 0:00:01]} 7. Bg2 {[%emt 0:00:04]} c6 {[%emt 0:00:02]} 8. Bc3 {[%emt 0:00:03]} d5 {[%emt 0:00:02]} 9. Nbd2 {[%emt 0:00:01]} O-O {[%emt 0:00:03]} 10. O-O {[%emt 0:00:01]} c5 {[%emt 0:00:20]} 11. Qc2 {[%emt 0:00:13]} Nc6 {[%emt 0:00:07]} 12. Rfd1 {[%emt 0:00:04]} Qc7 {[%emt 0:00:13]} 13. Rac1 {[%emt 0:00:14]} dxc4 {[%emt 0:00:09]} 14. Nxc4 {[%emt 0:00:04]} Bxc4 {[%emt 0:00:08]} 15. bxc4 {[%emt 0:00:02]} cxd4 {[%emt 0:00:01]} 16. Nxd4 {[%emt 0:00:09]} Nxd4 {[%emt 0:00:02]} 17. Bxd4 {[%emt 0:00:01]} Rac8 {[%emt 0:00:07]} 18. Qb2 {[%emt 0:00:05]} Rfd8 {[%emt 0:00:22]} 19. a4 {[%emt 0:00:13] Sackbauer reconnected.} Ne8 {[%emt 0:00:10] Sackbauer reconnected. Pjotr2402 bietet Remis} 20. Bf3 {[%emt 0:00:29] Sackbauer reconnected.} Bc5 {[%emt 0:00:09]} 21. Bc3 {[%emt 0:00:12]} a5 {[%emt 0:00:09]} 22. Be5 {[%emt 0:00:09]} Qe7 {[%emt 0:00:05]} 23. Qb5 {[%emt 0:00:18] Sackbauer reconnected.} Nd6 {[%emt 0:00:23]} 24. Bxd6 {[%emt 0:00:06]} Rxd6 {[%emt 0:00:06]} 25. Rxd6 {[%emt 0:00:02]} Qxd6 {[%emt 0:00:01]} 26. e3 {[%emt 0:00:02]} Rd8 {[%emt 0:00:08] Sackbauer bietet Remis (Lag: Av=0.82s, max=1.4s)} 1/2-1/2

[Event "AUT-ch Internet"]
[Site "Wilhelm-Steinitz-Stadion"]
[Date "2020.10.04"]
[Round "8"]
[White "Febloh"]
[Black "Valentin Dragnev"]
[Result "1-0"]
[WhiteElo "2301"]
[BlackElo "2286"]
[PlyCount "95"]
[EventDate "2020.10.04"]
[EventType "blitz"]

1. e4 {[%emt 0:00:01]} e5 {[%emt 0:00:03]} 2. Nf3 {[%emt 0:00:01]} d6 {[%emt 0:00:01]} 3. d4 {[%emt 0:00:02]} exd4 {[%emt 0:00:00]} 4. Nxd4 {[%emt 0:00:01]} Nf6 {[%emt 0:00:01]} 5. Nc3 {[%emt 0:00:01]} Be7 {[%emt 0:00:01]} 6. g3 {[%emt 0:00:05]} O-O {[%emt 0:00:01]} 7. Bg2 {[%emt 0:00:01]} Re8 {[%emt 0:00:00]} 8. O-O {[%emt 0:00:01]} Bf8 {[%emt 0:00:00]} 9. h3 {[%emt 0:00:01]} c6 {[%emt 0:00:01]} 10. b3 {[%emt 0:00:03]} Na6 {[%emt 0:00:04]} 11. Bb2 {[%emt 0:00:02]} Nc5 {[%emt 0:00:01]} 12. Re1 {[%emt 0:00:01]} Bd7 {[%emt 0:00:07]} 13. Qd2 {[%emt 0:00:04]} Qc7 {[%emt 0:00:04]} 14. a4 {[%emt 0:00:02]} Rad8 {[%emt 0:00:02]} 15. Rad1 {[%emt 0:00:04]} Bc8 {[%emt 0:00:20]} 16. g4 {[%emt 0:00:16]} g6 {[%emt 0:00:04]} 17. Nde2 {[%emt 0:00:28]} Bg7 {[%emt 0:00:16]} 18. Ng3 {[%emt 0:00:01]} h6 {[%emt 0:00:10]} 19. Ba1 {[%emt 0:00:05]} a6 {[%emt 0:00:13]} 20. b4 {[%emt 0:00:37]} Ne6 {[%emt 0:00:01]} 21. a5 {[%emt 0:00:09]} b5 {[%emt 0:00:41]} 22. f4 {[%emt 0:00:26]} d5 {[%emt 0:00:20]} 23. e5 {[%emt 0:00:02]} Ne4 {[%emt 0:00:04]} 24. Ncxe4 {[%emt 0:00:05]} dxe4 {[%emt 0:00:00]} 25. Qe3 {[%emt 0:00:02]} Rxd1 {[%emt 0:00:27]} 26. Rxd1 {[%emt 0:00:01]} Rd8 {[%emt 0:00:00]} 27. Re1 {[%emt 0:00:38]} c5 {[%emt 0:00:20]} 28. Nxe4 {[%emt 0:00:04]} cxb4 {[%emt 0:00:15]} 29. f5 {[%emt 0:00:02]} Ng5 {[%emt 0:00:09]} 30. Nxg5 {[%emt 0:00:05]} hxg5 {[%emt 0:00:01]} 31. Qxg5 {[%emt 0:00:01]} Re8 {[%emt 0:00:11]} 32. fxg6 {[%emt 0:00:14]} fxg6 {[%emt 0:00:00]} 33. Qxg6 {[%emt 0:00:09]} Qf7 {[%emt 0:00:01]} 34. Bd5 {[%emt 0:00:08]} Be6 {[%emt 0:00:01]} 35. Bxe6 {[%emt 0:00:02]} Rxe6 {[%emt 0:00:00]} 36. Qxf7+ {[%emt 0:00:01]} Kxf7 {[%emt 0:00:00]} 37. Kf2 {[%emt 0:00:03]} Rc6 {[%emt 0:00:02]} 38. e6+ {[%emt 0:00:01]} Ke7 {[%emt 0:00:08]} 39. Bxg7 {[%emt 0:00:01]} Rxc2+ {[%emt 0:00:00]} 40. Kg3 {[%emt 0:00:01]} b3 {[%emt 0:00:01]} 41. Bf6+ {[%emt 0:00:01]} Ke8 {[%emt 0:00:01]} 42. e7 {[%emt 0:00:02]} b2 {[%emt 0:00:02]} 43. Rd1 {[%emt 0:00:02]} Rd2 {[%emt 0:00:02]} 44. Rxd2 {[%emt 0:00:01]} b1=Q {[%emt 0:00:01]} 45. Rd8+ {[%emt 0:00:01]} Kf7 {[%emt 0:00:00]} 46. e8=Q+ {[%emt 0:00:00]} Kxf6 {[%emt 0:00:00]} 47. Rd6+ {[%emt 0:00:01]} Kg7 {[%emt 0:00:01]} 48. Qe7+ {[%emt 0:00:01] Valentin Dragnev gibt auf (Lag: Av=0.79s, max=1.0s)} 1-0

[Event "AUT-ch Internet"]
[Site "Wilhelm-Steinitz-Stadion"]
[Date "2020.10.04"]
[Round "8"]
[White "En#passant"]
[Black "Konstantin Peyrer"]
[Result "0-1"]
[WhiteElo "2288"]
[BlackElo "2230"]
[PlyCount "76"]
[EventDate "2020.10.04"]
[EventType "blitz"]

{- Peyrer, Konstantin} 1. Nf3 {[%emt 0:00:01]} Nc6 {[%emt 0:00:04]} 2. d4 {[%emt 0:00:03]} e6 {[%emt 0:00:01]} 3. g3 {[%emt 0:00:02]} Nf6 {[%emt 0:00:01]} 4. Bg2 {[%emt 0:00:01]} d5 {[%emt 0:00:01]} 5. O-O {[%emt 0:00:01]} Bd6 {[%emt 0:00:01]} 6. Nbd2 {[%emt 0:00:05]} O-O {[%emt 0:00:01]} 7. c4 {[%emt 0:00:07]} b6 {[%emt 0:00:01]} 8. a3 {[%emt 0:00:11]} a5 {[%emt 0:00:04]} 9. Qc2 {[%emt 0:00:02]} Ba6 {[%emt 0:00:02]} 10. cxd5 {[%emt 0:00:18]} Ne7 {[%emt 0:00:07]} 11. dxe6 {[%emt 0:00:05]} fxe6 {[%emt 0:00:02]} 12. Ng5 {[%emt 0:00:14]} Bxe2 {[%emt 0:00:09]} 13. Nde4 {[%emt 0:01:11]} Bxf1 {[%emt 0:00:08]} 14. Nxf6+ {[%emt 0:00:02]} Rxf6 {[%emt 0:00:00]} 15. Qxh7+ {[%emt 0:00:01]} Kf8 {[%emt 0:00:00]} 16. Qh8+ {[%emt 0:00:13]} Ng8 {[%emt 0:00:02]} 17. Nh7+ {[%emt 0:00:06]} Kf7 {[%emt 0:00:02]} 18. Nxf6 {[%emt 0:00:22]} Bxg2 {[%emt 0:00:02]} 19. Qh5+ {[%emt 0:00:20]} Ke7 {[%emt 0:00:13]} 20. Nxg8+ {[%emt 0:00:02]} Qxg8 {[%emt 0:00:02]} 21. Bg5+ {[%emt 0:00:00]} Kd7 {[%emt 0:00:01]} 22. Kxg2 {[%emt 0:00:00]} Rf8 {[%emt 0:00:02]} 23. Be3 {[%emt 0:00:01]} Rf5 {[%emt 0:00:02]} 24. Qg4 {[%emt 0:00:01]} Qf7 {[%emt 0:00:01]} 25. h4 {[%emt 0:00:04]} Rb5 {[%emt 0:00:03]} 26. Rb1 {[%emt 0:00:02]} Bxa3 {[%emt 0:00:04]} 27. d5 {[%emt 0:00:07]} Qf5 {[%emt 0:00:13]} 28. dxe6+ {[%emt 0:00:03]} Qxe6 {[%emt 0:00:02]} 29. Qxg7+ {[%emt 0:00:03]} Be7 {[%emt 0:00:05]} 30. Qd4+ {[%emt 0:00:01]} Rd5 {[%emt 0:00:02]} 31. Qc3 {[%emt 0:00:03]} Qe4+ {[%emt 0:00:02]} 32. Kh2 {[%emt 0:00:01]} Qxb1 {[%emt 0:00:02]} 33. Qc4 {[%emt 0:00:01]} Qd3 {[%emt 0:00:01]} 34. Qg4+ {[%emt 0:00:03]} Qf5 {[%emt 0:00:01]} 35. Qc4 {[%emt 0:00:01]} Qf3 {[%emt 0:00:03]} 36. Qa4+ {[%emt 0:00:04]} Kc8 {[%emt 0:00:02]} 37. Qe8+ {[%emt 0:00:02]} Kb7 {[%emt 0:00:01]} 38. Qf7 {[%emt 0:00:09]} Qxf7 {[%emt 0:00:02] En#passant gibt auf (Lag: Av=0.70s, max=1.5s)} 0-1

[Event "AUT-ch Internet"]
[Site "Wilhelm-Steinitz-Stadion"]
[Date "2020.10.04"]
[Round "8"]
[White "S Baumegger"]
[Black "Stefan Kindermann"]
[Result "1/2-1/2"]
[WhiteElo "2186"]
[BlackElo "2398"]
[PlyCount "100"]
[EventDate "2020.10.04"]
[EventType "blitz"]

1. c4 {[%emt 0:00:02]} f5 {[%emt 0:00:02]} 2. g4 {[%emt 0:00:07]} fxg4 {[%emt 0:00:08]} 3. h3 {[%emt 0:00:01]} g3 {[%emt 0:00:03]} 4. fxg3 {[%emt 0:00:02]} e5 {[%emt 0:00:03]} 5. Bg2 {[%emt 0:00:04]} Nc6 {[%emt 0:00:14]} 6. Nc3 {[%emt 0:00:02]} Nf6 {[%emt 0:00:06]} 7. Nf3 {[%emt 0:00:17]} Bc5 {[%emt 0:00:17]} 8. e3 {[%emt 0:00:24]} O-O {[%emt 0:00:02]} 9. O-O {[%emt 0:00:02]} d6 {[%emt 0:00:06]} 10. d4 {[%emt 0:00:09]} Bb6 {[%emt 0:00:16]} 11. Kh2 {[%emt 0:00:06]} Qe8 {[%emt 0:00:13]} 12. Nd5 {[%emt 0:00:43]} Nxd5 {[%emt 0:00:51]} 13. cxd5 {[%emt 0:00:02]} Ne7 {[%emt 0:00:02]} 14. dxe5 {[%emt 0:00:02]} dxe5 {[%emt 0:00:02]} 15. Nxe5 {[%emt 0:00:19]} Rxf1 {[%emt 0:00:23]} 16. Qxf1 {[%emt 0:00:02]} Nf5 {[%emt 0:00:02]} 17. Nc4 {[%emt 0:00:02]} Bd7 {[%emt 0:00:06]} 18. e4 {[%emt 0:00:06]} Nd6 {[%emt 0:00:05]} 19. Nxd6 {[%emt 0:00:11]} cxd6 {[%emt 0:00:02]} 20. Bf4 {[%emt 0:00:01]} Qg6 {[%emt 0:00:05]} 21. Qd3 {[%emt 0:00:15]} Rf8 {[%emt 0:00:07]} 22. Rf1 {[%emt 0:00:04]} a6 {[%emt 0:00:11]} 23. Rf3 {[%emt 0:00:05]} Bb5 {[%emt 0:00:02]} 24. Qc2 {[%emt 0:00:07]} Bd4 {[%emt 0:00:03]} 25. a4 {[%emt 0:00:07]} Be8 {[%emt 0:00:09]} 26. b3 {[%emt 0:00:03]} h6 {[%emt 0:00:03]} 27. Qd2 {[%emt 0:00:04]} Bb6 {[%emt 0:00:06]} 28. Be3 {[%emt 0:00:02]} Rxf3 {[%emt 0:00:02]} 29. Bxf3 {[%emt 0:00:01]} Bxe3 {[%emt 0:00:02]} 30. Qxe3 {[%emt 0:00:01]} Qf6 {[%emt 0:00:01]} 31. Bg2 {[%emt 0:00:10]} Qb2 {[%emt 0:00:03]} 32. g4 {[%emt 0:00:06]} b5 {[%emt 0:00:02]} 33. axb5 {[%emt 0:00:01]} Bxb5 {[%emt 0:00:01]} 34. Kg3 {[%emt 0:00:01]} Qe5+ {[%emt 0:00:02]} 35. Qf4 {[%emt 0:00:01]} Qc3+ {[%emt 0:00:02]} 36. Kh2 {[%emt 0:00:01]} Qc5 {[%emt 0:00:08]} 37. e5 {[%emt 0:00:02]} dxe5 {[%emt 0:00:01]} 38. Qxe5 {[%emt 0:00:01]} Bd7 {[%emt 0:00:02]} 39. Kg3 {[%emt 0:00:08]} a5 {[%emt 0:00:01]} 40. Bf3 {[%emt 0:00:02]} Qb4 {[%emt 0:00:02]} 41. d6 {[%emt 0:00:05]} Kh8 {[%emt 0:00:03]} 42. Bd5 {[%emt 0:00:05]} Qb5 {[%emt 0:00:02]} 43. Qe4 {[%emt 0:00:03]} Qc5 {[%emt 0:00:03]} 44. Qe5 {[%emt 0:00:01]} Qg1+ {[%emt 0:00:01]} 45. Kf4 {[%emt 0:00:04]} Qh2+ {[%emt 0:00:02]} 46. Ke4 {[%emt 0:00:01]} Qe2+ {[%emt 0:00:01]} 47. Kd4 {[%emt 0:00:01]} Qb2+ {[%emt 0:00:01]} 48. Ke4 {[%emt 0:00:01]} Qe2+ {[%emt 0:00:01]} 49. Kf4 {[%emt 0:00:01]} Qh2+ {[%emt 0:00:01]} 50. Ke4 {[%emt 0:00:01]} Qe2+ {[%emt 0:00:01] (Lag: Av=0.72s, max=1.4s)} 1/2-1/2